<?xml version="1.0" encoding="UTF-8"?>
<record
    xmlns:xsi="http://www.w3.org/2001/XMLSchema-instance"
    xsi:schemaLocation="http://www.loc.gov/MARC21/slim http://www.loc.gov/standards/marcxml/schema/MARC21slim.xsd"
    xmlns="http://www.loc.gov/MARC21/slim">

  <leader>01578nam a2200241 a 4500</leader>
  <controlfield tag="001">000014235</controlfield>
  <controlfield tag="003">DO-SdBNP</controlfield>
  <controlfield tag="005">20241031124004.0</controlfield>
  <controlfield tag="008">091208s1997    dr acd        001 0 spa d</controlfield>
  <datafield tag="040" ind1=" " ind2=" ">
    <subfield code="a">DO-SdBNP</subfield>
    <subfield code="b">spa</subfield>
    <subfield code="c">BNPHU</subfield>
  </datafield>
  <datafield tag="082" ind1=" " ind2=" ">
    <subfield code="a">338.04</subfield>
    <subfield code="b">C748p</subfield>
  </datafield>
  <datafield tag="111" ind1="2" ind2=" ">
    <subfield code="a">Conferencia Nacional sobre la Mejora de la Productividad Empresarial</subfield>
    <subfield code="n">(2&#xAA; :</subfield>
    <subfield code="d">1996 nov. 26-27 :</subfield>
    <subfield code="c">Santo Domingo, Rep&#xFA;blica Dominicana)</subfield>
    <subfield code="9">32149</subfield>
  </datafield>
  <datafield tag="245" ind1="1" ind2="0">
    <subfield code="a">Ponencias.</subfield>
  </datafield>
  <datafield tag="260" ind1=" " ind2=" ">
    <subfield code="a">Santo Domingo :</subfield>
    <subfield code="b">INFOTEP,</subfield>
    <subfield code="c">1997.</subfield>
  </datafield>
  <datafield tag="300" ind1=" " ind2=" ">
    <subfield code="a">89 p. :</subfield>
    <subfield code="b">il., gr&#xE1;fcs., retrs. ;</subfield>
    <subfield code="c">27 cm.</subfield>
  </datafield>
  <datafield tag="505" ind1="0" ind2=" ">
    <subfield code="g">Presentaci&#xF3;n /</subfield>
    <subfield code="r">Arlette Vald&#xE9;z Aguasvivas --</subfield>
    <subfield code="t">Palabras de inauguraci&#xF3;n /</subfield>
    <subfield code="r">Rafael Albuquerque --</subfield>
    <subfield code="t">Palabras de apertura /</subfield>
    <subfield code="r">Arlette Vald&#xE9;z Aguasvivas --</subfield>
    <subfield code="t">El desaf&#xED;o de la competitividad en los a&#xF1;os noventa /</subfield>
    <subfield code="r">Joseph Ramos --</subfield>
    <subfield code="t">Producci&#xF3;n modular: aumento de la productividad /</subfield>
    <subfield code="r">Alex Cruz --</subfield>
    <subfield code="t">Planes de mejora de la productividad: experiencias de INFOTEP /</subfield>
    <subfield code="r">Sergio Marte y Lourdes Garc&#xED;a --</subfield>
    <subfield code="t">Centro de productividad /</subfield>
    <subfield code="r">Antonio Rodr&#xED;guez Mansfield --</subfield>
    <subfield code="t">La participaci&#xF3;n de los trabajadores en el mejoramiento de la productividad /</subfield>
    <subfield code="r">Isabel Tejada --</subfield>
    <subfield code="t">Creaci&#xF3;n de un Consejo Nacional de la Productividad y Competitividad /</subfield>
    <subfield code="r">C&#xE9;sar Nicol&#xE1;s Penson.</subfield>
  </datafield>
  <datafield tag="590" ind1=" " ind2=" ">
    <subfield code="a">Inventariado, 2018/LP</subfield>
  </datafield>
  <datafield tag="650" ind1=" " ind2="0">
    <subfield code="a">Organizaci&#xF3;n industrial </subfield>
    <subfield code="x">Congresos, conferencias, etc.</subfield>
    <subfield code="9">1580</subfield>
  </datafield>
  <datafield tag="650" ind1=" " ind2="0">
    <subfield code="a">Productividad industrial </subfield>
    <subfield code="x">Congresos, conferencias, etc.</subfield>
    <subfield code="9">27637</subfield>
  </datafield>
  <datafield tag="710" ind1="2" ind2=" ">
    <subfield code="a">Instituto Nacional de Formaci&#xF3;n T&#xE9;cnico Profesional (Rep&#xFA;blica Dominicana)</subfield>
    <subfield code="9">32152</subfield>
  </datafield>
  <datafield tag="910" ind1=" " ind2=" ">
    <subfield code="a">Validado. Control de calidad EMS.</subfield>
  </datafield>
  <datafield tag="942" ind1=" " ind2=" ">
    <subfield code="2">ddc</subfield>
    <subfield code="c">LBS1</subfield>
  </datafield>
  <datafield tag="952" ind1=" " ind2=" ">
    <subfield code="0">0</subfield>
    <subfield code="1">0</subfield>
    <subfield code="7">1</subfield>
    <subfield code="8">PD</subfield>
    <subfield code="a">PD</subfield>
    <subfield code="b">PD</subfield>
    <subfield code="c">HD</subfield>
    <subfield code="d">2009-12-08</subfield>
    <subfield code="i">LF1</subfield>
    <subfield code="l">0</subfield>
    <subfield code="o">338.04 C748p</subfield>
    <subfield code="p">14235-10</subfield>
    <subfield code="r">2020-06-25</subfield>
    <subfield code="w">2020-06-25</subfield>
    <subfield code="y">LFPD</subfield>
    <subfield code="Z">No se presta</subfield>
  </datafield>
  <datafield tag="952" ind1=" " ind2=" ">
    <subfield code="0">0</subfield>
    <subfield code="1">0</subfield>
    <subfield code="7">1</subfield>
    <subfield code="8">PD</subfield>
    <subfield code="a">PD</subfield>
    <subfield code="b">PD</subfield>
    <subfield code="c">HD</subfield>
    <subfield code="d">2009-12-08</subfield>
    <subfield code="i">LF1</subfield>
    <subfield code="l">0</subfield>
    <subfield code="o">338.04 C748p</subfield>
    <subfield code="p">14235-20</subfield>
    <subfield code="r">2020-06-25</subfield>
    <subfield code="t">e. 2</subfield>
    <subfield code="w">2020-06-25</subfield>
    <subfield code="y">LFPD</subfield>
    <subfield code="Z">No se presta</subfield>
  </datafield>
  <datafield tag="999" ind1=" " ind2=" ">
    <subfield code="c">13834</subfield>
    <subfield code="d">13834</subfield>
  </datafield>
</record>
